| 000 | 00695cam a2200193 4500 | ||
|---|---|---|---|
| 001 | WB3630-05 | ||
| 008 | 000000n2000 000 0 eng u | ||
| 035 | _a(Sirsi) u107448 | ||
| 245 | _aBlue plaques | ||
| 260 | _c2000 | ||
| 490 |
_aObserver _v30 July 2000, 7(1) |
||
| 520 | _aThe blue plaque scheme is to be extended across the country from 2001. English Heritage will work with local councils to identify the birthplaces of thousands of contributors to national life. | ||
| 590 | _aWB | ||
| 650 | _aBLUE PLAQUES | ||
| 650 | _aHISTORIC BUILDINGS | ||
| 650 | _aENGLISH HERITAGE | ||
| 690 | _aBUILT ENVIRONMENT-BUILDING MAINTENANCE AND REFURBISHMENT-BUILDING CONSERVATION | ||
| 942 | _n0 | ||
| 999 |
_c64226 _d64226 |
||